[Event "Bhubaneswar op-A 14th"]
[Site "Bhubaneswar"]
[Date "2023.06.13"]
[Round "3"]
[White "Maharjan, Krishna Man"]
[Black "Sailesh, R."]
[Result "0-1"]
[WhiteElo "1952"]
[BlackElo "1697"]
[PlyCount "54"]
[EventDate "2023.06.11"]
[EventType "swiss"]
[EventRounds "10"]
[EventCountry "IND"]
[SourceTitle "CBM 214 Extra"]
[Source "ChessBase"]
[SourceDate "2023.07.31"]
[SourceVersion "1"]
[SourceVersionDate "2023.07.31"]
[SourceQuality "1"]

1. e4 c6 2. f4 d5 3. e5 g6 4. d4 Bg7 5. Nf3 Nh6 6. Bd3 0-0 7. Nbd2 Bf5 8. Nf1 Qb6 9. Ne3 e6 10. h3 c5 11. c3 Bxd3 12. Qxd3 Nc6 13. 0-0 f6 14. a3 cxd4 15. cxd4 fxe5 16. fxe5 Rxf3 17. gxf3 Nxd4 18. f4 Nb3 19. Rb1 Nf5 20. Kh2 Nxc1 21. Rfxc1 Nxe3 22. b3 Bh6 23. Rg1 Bxf4+ 24. Kh1 Nf5 25. Rbe1 Qf2 26. Re2 Ng3+ 27. Rxg3 Qxg3 0-1